Del amor al libro : aforismos rimados / L. C. Viada y Lluch aforismos rimados / L. C. Viada y Lluch
Descripción Física:
117 p. ; 13 x 16 cm
MARC
| LEADER | 00000nam a2200000Ia 4500 | ||
|---|---|---|---|
| 001 | 873 | ||
| 008 | 160829s1927 xx 000 0 cat d | ||
| 080 | |a L-1-313 | ||
| 100 | |a Viada i Lluch, Lluís Carles |9 32504 | ||
| 245 | |a Del amor al libro : |b aforismos rimados / L. C. Viada y Lluch | ||
| 260 | |a Barcelona : |b (Tip. Miquel Rius), |c 1927 | ||
| 300 | |a 117 p. ; |c 13 x 16 cm | ||
| 650 | |a Aforismes i apotegmes |9 32505 | ||
| 650 | |a Llibres |x Citacions, màximes, etc. |9 32506 | ||
| 901 | |a Arxiu | ||
| 942 | |n 1 | ||
| 952 | |0 0 |1 0 |4 0 |6 L1313 |7 1 |9 46009 |a Arxiu |b Arxiu |d 2016-12-01 |l 0 |o L-1-313 |p 873 |r 2016-12-01 00:00:00 |w 2016-12-01 |y ARXIU | ||
| 999 | |c 49510 |d 49510 | ||